[Event "Corus B"]
[Site "Wijk aan Zee NED"]
[Date "2000.01.18"]
[Round "1"]
[White "Ashley,M"]
[Black "Onischuk,Al"]
[Result "1/2-1/2"]
[WhiteElo "2499"]
[BlackElo "2637"]
[EventDate "2000.01.18"]

1. d4 Nf6 2. c4 e6 3. Nc3 Bb4 4. e3 O-O 5. Nge2 d5 6. a3 Be7 7. cxd5 exd5
8. Nf4 c6 9. Bd3 Re8 10. O-O Nbd7 11. b4 Bd6 12. Qc2 Nf8 13. Bd2 Bd7 14. b5
Bxf4 15. exf4 cxb5 16. Nxb5 Ne4 17. Qb2 Nxd2 18. Qxd2 Bxb5 19. Bxb5 Re7 20.
Be2 Nd7 21. Bf3 Nf6 22. Rfc1 Qd6 23. Qb4 Qxb4 24. axb4 Kf8 25. g4 b6 26.
Rc6 Rd8 27. Kg2 Ne4 28. h4 Nd6 29. h5 Nb5 30. Rd1 Rc7 31. Rxc7 Nxc7 32. f5
Ke7 33. Kg3 h6 34. Be2 a6 35. f4 a5 36. b5 a4 37. Rc1 Kd7 38. Ra1 Ra8 39.
Ra3 Ra5 40. f6 gxf6 41. g5 fxg5 42. fxg5 hxg5 43. h6 Ra8 44. h7 Rh8 45. Bd3
Ne8 46. Kg4 Nf6+ 47. Kxg5 Nxh7+ 48. Kh6 Nf8+ 49. Kg7 Rh4 50. Kxf8 Rxd4 51.
Kxf7 1/2-1/2

[Event "Corus B"]
[Site "Wijk aan Zee NED"]
[Date "2000.01.18"]
[Round "1"]
[White "Reinderman,D"]
[Black "Hendriks,W"]
[Result "1/2-1/2"]
[WhiteElo "2561"]
[BlackElo "2373"]
[EventDate "2000.01.18"]

1. e4 c5 2. Nf3 Nc6 3. Bb5 g6 4. Bxc6 dxc6 5. d3 Bg7 6. h3 Nf6 7. Nc3 e5 8.
Be3 Qe7 9. Qd2 Nd7 10. Bh6 f6 11. Bxg7 Qxg7 12. O-O Nf8 13. a3 g5 14. b4 g4
15. hxg4 Bxg4 16. Nh4 Ng6 17. Nxg6 hxg6 18. f3 Be6 19. Qe3 c4 20. d4 Qh6
21. Qxh6 Rxh6 22. Rad1 exd4 23. Rxd4 Rd8 24. Ne2 g5 25. Rfd1 Rxd4 26. Nxd4
Ke7 27. Nxe6 Kxe6 28. Rd8 b5 29. g3 Rh7 30. Kg2 a5 31. Re8+ Kd6 32. f4 gxf4
33. gxf4 axb4 34. axb4 Ra7 35. Kf3 Ra2 36. f5 Rxc2 37. Re6+ Kd7 38. Rxf6
Rb2 39. e5 c3 40. Rd6+ Kc7 41. Rd1 c2 42. Rc1 Rb3+ 43. Ke4 Rxb4+ 44. Kd3
Rc4 45. Rxc2 Rxc2 46. Kxc2 Kd7 47. Kc3 1/2-1/2

[Event "Corus B"]
[Site "Wijk aan Zee NED"]
[Date "2000.01.18"]
[Round "1"]
[White "Nijboer,F"]
[Black "Tiviakov,S"]
[Result "1/2-1/2"]
[WhiteElo "2540"]
[BlackElo "2567"]
[EventDate "2000.01.18"]

1. e4 c5 2. Nf3 Nc6 3. d4 cxd4 4. Nxd4 g6 5. c4 Nf6 6. Nc3 d6 7. Be2 Nxd4
8. Qxd4 Bg7 9. Bg5 O-O 10. Qd2 Be6 11. O-O Qa5 12. Rad1 a6 13. Bxf6 Bxf6
14. Nd5 Qxd2 15. Nxf6+ Kg7 16. Nh5+ gxh5 17. Rxd2 h4 18. b3 Rac8 19. f4 f5
20. exf5 Bxf5 21. Re1 Rc7 22. g3 hxg3 23. hxg3 Rf6 24. Kf2 Bg6 25. Red1 Rc5
26. Rd5 b6 27. Bf3 a5 28. Re1 Kf8 29. Be4 Bxe4 30. Rxe4 Kf7 31. Kf3 Rxd5
32. cxd5 Rf5 33. Rd4 Rh5 1/2-1/2

[Event "Corus B"]
[Site "Wijk aan Zee NED"]
[Date "2000.01.19"]
[Round "2"]
[White "Van der Wiel,J"]
[Black "Danailov,S"]
[Result "1/2-1/2"]
[WhiteElo "2558"]
[BlackElo "2462"]
[EventDate "2000.01.18"]

1. e4 c5 2. Nf3 d6 3. d4 cxd4 4. Nxd4 Nf6 5. Nc3 a6 6. Be2 e6 7. O-O Be7 8.
f4 O-O 9. Bf3 Qc7 10. Be3 Nc6 11. Nxc6 bxc6 12. Na4 Bb7 13. c4 c5 14. Qc2
Nd7 15. Rad1 Rad8 16. a3 Rc8 17. Rd3 Bc6 18. Nc3 Rb8 19. Rfd1 Rb7 20. b3
Rfb8 21. Ne2 Nf6 22. Rc3 Rb6 23. Ng3 1/2-1/2

[Event "Corus B"]
[Site "Wijk aan Zee NED"]
[Date "2000.01.19"]
[Round "2"]
[White "Hendriks,W"]
[Black "Berkvens,J"]
[Result "1/2-1/2"]
[WhiteElo "2373"]
[BlackElo "2297"]
[EventDate "2000.01.18"]

1. e4 c5 2. Nf3 d6 3. d4 cxd4 4. Nxd4 Nf6 5. Nc3 a6 6. Bc4 e6 7. Bb3 Nbd7
8. f4 Nc5 9. f5 Be7 10. Qf3 e5 11. Nde2 Nxb3 12. axb3 O-O 13. Bg5 b5 14.
Bxf6 Bxf6 15. Nxb5 d5 16. Nbc3 d4 17. Nd5 Bb7 18. O-O Bxd5 19. exd5 e4 20.
Qxe4 Re8 21. Qg4 Qxd5 22. Ng3 d3 23. cxd3 Qxd3 24. Kh1 Rad8 25. Rad1 Rd4
26. Rxd3 Rxg4 27. Rd6 Rb4 1/2-1/2

[Event "Corus B"]
[Site "Wijk aan Zee NED"]
[Date "2000.01.19"]
[Round "2"]
[White "Delemarre,J"]
[Black "Nijboer,F"]
[Result "0-1"]
[WhiteElo "2354"]
[BlackElo "2540"]
[EventDate "2000.01.18"]

1. d4 Nf6 2. c4 g6 3. Nc3 Bg7 4. e4 d6 5. h3 O-O 6. Bg5 Na6 7. Bd3 c6 8.
Nge2 e5 9. d5 cxd5 10. cxd5 Nc5 11. Bc2 a5 12. a3 a4 13. g4 Bd7 14. f3 Qb6
15. Be3 Qa6 16. O-O Rfc8 17. Rf2 Be8 18. Ng3 Nfd7 19. Rg2 Nb6 20. Rb1 Nc4
21. Bf2 Qa5 22. Nge2 b5 23. Na2 Nd2 24. Rc1 Nxf3+ 25. Kh1 Ng5 26. Nac3 Nxh3
27. Be3 h6 28. Qd2 Ng5 29. Bxg5 hxg5 30. Qxg5 b4 31. axb4 Qxb4 32. Bb1 Qxb2
33. Ng3 f6 34. Qe3 Qb4 35. Nge2 Nb3 36. Rf1 Nd4 37. g5 fxg5 38. Qxg5 Rxc3
39. Nxc3 Qxc3 40. Qe7 Qh3+ 41. Rh2 Qxf1+ 0-1

[Event "Corus B"]
[Site "Wijk aan Zee NED"]
[Date "2000.01.20"]
[Round "3"]
[White "Reinderman,D"]
[Black "Onischuk,Al"]
[Result "1/2-1/2"]
[WhiteElo "2561"]
[BlackElo "2637"]
[EventDate "2000.01.18"]

1. e4 e5 2. Nf3 Nc6 3. Bb5 a6 4. Bxc6 dxc6 5. O-O f6 6. d4 exd4 7. Nxd4 c5
8. Nb3 Qxd1 9. Rxd1 Bg4 10. f3 Be6 11. Bf4 c4 12. Nd4 O-O-O 13. Nc3 Bc5 14.
Nce2 Ne7 15. Be3 Bf7 16. Nf5 Bxe3+ 17. Nxe3 b5 18. Kf2 Nc6 19. a3 Ne5 20.
Rxd8+ Rxd8 21. Rd1 Re8 22. Nc3 g6 23. g4 c6 24. h4 a5 25. Rd6 Re6 26. Rxe6
Bxe6 27. g5 b4 28. axb4 axb4 29. Ncd1 Nd7 30. f4 Kc7 31. f5 Bf7 32. Ng4
fxg5 33. hxg5 gxf5 34. exf5 Kd6 35. Ke3 Nb6 36. Ke4 Bd5+ 37. Kf4 Bf7 38.
Nde3 c3 39. bxc3 bxc3 40. Nf6 Nd5+ 41. Nexd5 cxd5 42. Nxh7 d4 43. g6 Bxg6
44. Ke4 Bxh7 45. Kxd4 Bxf5 46. Kxc3 1/2-1/2

[Event "Corus B"]
[Site "Wijk aan Zee NED"]
[Date "2000.01.20"]
[Round "3"]
[White "Nijboer,F"]
[Black "Van der Wiel,J"]
[Result "0-1"]
[WhiteElo "2540"]
[BlackElo "2558"]
[EventDate "2000.01.18"]

1. e4 e5 2. Nf3 Nc6 3. Bb5 a6 4. Ba4 Nf6 5. O-O b5 6. Bb3 Bc5 7. c3 d6 8.
a4 Bb7 9. d4 Bb6 10. Bg5 h6 11. Bxf6 Qxf6 12. Bd5 O-O 13. Na3 exd4 14. cxd4
Ra7 15. Nc2 bxa4 16. Rxa4 a5 17. Re1 Rd8 18. b4 axb4 19. Rxa7 Bxa7 20. Ne3
Bb6 21. Qc1 Nxd4 22. Bxb7 Nxf3+ 23. gxf3 Qxf3 24. Bd5 Re8 25. Qd1 Qf4 26.
Qe2 Rb8 27. Ng2 Qf6 28. Rb1 c6 29. Bxc6 b3 30. Bd5 b2 31. Kf1 Bd4 32. Ne3
Qf4 33. Qd3 Rc8 34. Ke2 Rc1 35. Ba2 Be5 36. Nf5 Qg4+ 37. Qf3 Rc2+ 0-1

[Event "Corus B"]
[Site "Wijk aan Zee NED"]
[Date "2000.01.20"]
[Round "3"]
[White "Avrukh,B"]
[Black "Hendriks,W"]
[Result "1-0"]
[WhiteElo "2620"]
[BlackElo "2373"]
[EventDate "2000.01.18"]

1. d4 Nf6 2. c4 c5 3. d5 b5 4. cxb5 a6 5. bxa6 g6 6. Nc3 Bxa6 7. g3 d6 8.
Bg2 Bg7 9. Nf3 Nbd7 10. Rb1 O-O 11. O-O Ne8 12. Re1 Nc7 13. e4 Nb5 14. Ne2
Qb6 15. Be3 Rfb8 16. a4 Nc7 17. b4 Bxe2 18. Qxe2 Rxa4 19. Bh3 Ne5 20. Nd2
Rxb4 21. Rxb4 Qxb4 22. f4 c4 23. fxe5 c3 24. Nc4 dxe5 25. Qd3 Na6 26. Kf1
Nc5 27. Bxc5 Qxc5 28. Rc1 Bh6 29. Rxc3 Rb4 30. Bg4 Qb5 31. Be2 Rb1+ 32. Kg2
Re1 33. Kh3 Qa6 34. Nxe5 Qb6 35. Nf3 Ra1 36. Rc8+ 1-0

[Event "Corus B"]
[Site "Wijk aan Zee NED"]
[Date "2000.01.22"]
[Round "4"]
[White "Van der Wiel,J"]
[Black "Tiviakov,S"]
[Result "0-1"]
[WhiteElo "2558"]
[BlackElo "2567"]
[EventDate "2000.01.18"]

1. e4 c5 2. Nf3 Nc6 3. Bb5 d6 4. O-O Bd7 5. Re1 Nf6 6. c3 a6 7. Bf1 Bg4 8.
d3 e6 9. h3 Bh5 10. Bf4 Be7 11. Nbd2 O-O 12. g4 Bg6 13. Bg3 Nd7 14. Nc4 Nb6
15. Qb3 Nxc4 16. dxc4 f6 17. Rad1 Be8 18. Rd2 Qc7 19. Qd1 Ne5 20. Nh4 g5
21. Ng2 b5 22. b3 Rb8 23. f4 gxf4 24. Nxf4 Bf7 25. Re3 Rb6 26. cxb5 axb5
27. Kh2 c4 28. Nh5 Rc6 29. Rf2 Bg6 30. Nf4 Qc8 31. b4 Bd8 32. Rd2 Bb6 33.
Re1 Bc7 34. Bg2 Ra6 35. h4 Ra3 36. Rc2 Bf7 37. Nh5 Bxh5 38. gxh5 Kh8 39.
Bh3 Qd7 40. Rf1 Raa8 41. Rg2 Qe7 42. Kh1 Rg8 43. Qd2 Raf8 44. Bh2 Bb6 45.
Rxg8+ Rxg8 46. Qf4 Nd3 47. Qxf6+ Qxf6 48. Rxf6 Nf2+ 49. Rxf2 Bxf2 50. Bxd6
Re8 51. Kg2 Bxh4 52. Kf3 Kg7 53. Ke3 Kf7 54. Kd4 Bf2+ 0-1

[Event "Corus B"]
[Site "Wijk aan Zee NED"]
[Date "2000.01.22"]
[Round "4"]
[White "Reinderman,D"]
[Black "Berkvens,J"]
[Result "1-0"]
[WhiteElo "2561"]
[BlackElo "2297"]
[EventDate "2000.01.18"]

1. e4 c5 2. Nc3 d6 3. f4 Nc6 4. Nf3 e6 5. d4 cxd4 6. Nxd4 Nf6 7. Be3 e5 8.
Nb3 Be7 9. f5 g6 10. Qf3 gxf5 11. exf5 Qd7 12. g4 b6 13. g5 Bb7 14. gxf6
Nd4 15. Nxd4 Bxf3 16. Nxf3 Qxf5 17. Bb5+ 1-0

[Event "Corus B"]
[Site "Wijk aan Zee NED"]
[Date "2000.01.22"]
[Round "4"]
[White "Nisipeanu,LD"]
[Black "Nijboer,F"]
[Result "1/2-1/2"]
[WhiteElo "2611"]
[BlackElo "2540"]
[EventDate "2000.01.18"]

1. c4 Nf6 2. Nc3 d5 3. cxd5 Nxd5 4. g3 Nxc3 5. bxc3 g6 6. Bg2 Bg7 7. Ba3
Nd7 8. Nf3 c5 9. Qa4 Qc7 10. O-O O-O 11. d4 b6 12. Rad1 Bb7 13. d5 Bxc3 14.
Bc1 Bg7 15. Bf4 Ne5 16. Qe4 Nxf3+ 17. Bxf3 e5 18. Bg5 f6 19. Bc1 Qd6 20.
Qc4 Bc8 21. e4 Bd7 22. Qa6 f5 23. Be2 f4 24. f3 h5 25. Bb5 Bxb5 26. Qxb5
Bh6 27. Kg2 Kh7 28. Qc6 Rad8 29. Bb2 Rfe8 30. a4 Kg8 31. Qb5 fxg3 32. hxg3
Be3 33. f4 exf4 34. e5 Rxe5 35. Bxe5 Qxe5 36. Qd3 Qf5 37. Qxf5 gxf5 38.
gxf4 Kf7 39. Rh1 Bxf4 40. Rdf1 Be3 41. Rxf5+ Kg6 42. Rfxh5 c4 43. Kf3 Bg5
44. Ke4 c3 45. Rh7 c2 46. Rc7 Re8+ 47. Kd3 c1=Q 48. Rhxc1 Bxc1 49. Rxc1 Kf6
50. Rh1 Ke7 1/2-1/2

[Event "Corus B"]
[Site "Wijk aan Zee NED"]
[Date "2000.01.22"]
[Round "4"]
[White "Hendriks,W"]
[Black "Danailov,S"]
[Result "1/2-1/2"]
[WhiteElo "2373"]
[BlackElo "2462"]
[EventDate "2000.01.18"]

1. e4 c5 2. Nf3 d6 3. d4 cxd4 4. Nxd4 Nf6 5. Nc3 a6 6. Bc4 e6 7. Bb3 Nbd7
8. f4 Nc5 9. f5 Be7 10. O-O O-O 11. fxe6 fxe6 12. Nf5 Nxb3 13. Nxe7+ Qxe7
14. axb3 h6 15. Bf4 e5 16. Be3 Be6 17. Qd3 Rad8 18. Rad1 Qe8 19. Bb6 Rd7
20. Nd5 Nxd5 21. exd5 Rxf1+ 22. Rxf1 Bf7 23. c4 1/2-1/2

[Event "Corus B"]
[Site "Wijk aan Zee NED"]
[Date "2000.01.23"]
[Round "5"]
[White "Tiviakov,S"]
[Black "Nisipeanu,LD"]
[Result "1/2-1/2"]
[WhiteElo "2567"]
[BlackElo "2611"]
[EventDate "2000.01.18"]

1. e4 c5 2. Nf3 e6 3. d4 cxd4 4. Nxd4 Nf6 5. Nc3 d6 6. Be3 a6 7. Qd2 b5 8.
f3 Qa5 9. Bd3 Bb7 10. O-O Nbd7 11. b4 Qc7 12. a4 bxa4 13. b5 axb5 14. Ndxb5
Qb8 15. Rxa4 Rxa4 16. Nxa4 Be7 17. Rb1 O-O 18. Bf1 d5 19. exd5 Nxd5 20. Bf2
Bc6 21. Nbc3 Qa8 22. Nxd5 exd5 23. Nb6 Nxb6 24. Rxb6 Bd7 25. Ra6 Qb7 26.
Ra7 Qc6 27. c4 Bc5 28. Bxc5 Qxc5+ 29. Qf2 Qc6 30. Qd4 Be6 31. cxd5 1/2-1/2

[Event "Corus B"]
[Site "Wijk aan Zee NED"]
[Date "2000.01.24"]
[Round "6"]
[White "Berkvens,J"]
[Black "Avrukh,B"]
[Result "0-1"]
[WhiteElo "2297"]
[BlackElo "2620"]
[EventDate "2000.01.18"]

1. e4 d6 2. d4 Nf6 3. Nc3 g6 4. f4 Bg7 5. Nf3 O-O 6. Bd3 Nh5 7. O-O Bg4 8.
Be3 e5 9. dxe5 dxe5 10. f5 Nf4 11. h3 Bxf3 12. Qxf3 Nc6 13. Nd5 Nxd5 14.
exd5 Nd4 15. Qe4 a6 16. c3 Nb5 17. Bxb5 axb5 18. Bc5 Re8 19. a3 Ra4 20. Bb4
c6 21. Rad1 Ra6 22. Kh1 Qc8 23. c4 bxc4 24. f6 cxd5 25. Qh4 Qd8 26. Be7 Qd7
27. Qxc4 Qxe7 28. Qxa6 bxa6 29. fxe7 d4 30. Rc1 Rxe7 31. Rc8+ Bf8 32. Rd8
Kg7 33. g4 Rb7 34. b4 f6 35. Rd5 Be7 36. g5 Rc7 37. Kg2 h6 38. h4 hxg5 39.
hxg5 f5 40. Rxe5 Bxg5 41. Rf3 Rc2+ 42. Kf1 Be3 43. Re6 f4 44. Rd6 Kh6 0-1

[Event "Corus B"]
[Site "Wijk aan Zee NED"]
[Date "2000.01.24"]
[Round "6"]
[White "Nisipeanu,LD"]
[Black "Delemarre,J"]
[Result "1-0"]
[WhiteElo "2611"]
[BlackElo "2354"]
[EventDate "2000.01.18"]

1. e4 d6 2. d4 Nf6 3. Nc3 g6 4. Nge2 Bg7 5. g3 O-O 6. Bg2 e5 7. h3 c6 8. a4
a5 9. O-O Na6 10. Bg5 Nc7 11. Qd2 Ne6 12. Be3 exd4 13. Nxd4 Nc5 14. Rad1
Re8 15. Nxc6 bxc6 16. Bxc5 Ba6 17. Bxd6 Bxf1 18. Kxf1 Nd7 19. f4 Nb6 20.
Qd3 Nc8 21. Bc5 Qc7 22. e5 Nb6 23. Qd6 Qxd6 24. Rxd6 Nc4 25. Bxc6 Rec8 26.
Bxa8 Nxd6 27. exd6 Rxa8 28. Bb6 Bf8 29. d7 Be7 30. Nd5 Bd8 31. c4 Kf8 32.
c5 Rb8 33. Bxd8 1-0

[Event "Corus B"]
[Site "Wijk aan Zee NED"]
[Date "2000.01.24"]
[Round "6"]
[White "Reinderman,D"]
[Black "Danailov,S"]
[Result "1-0"]
[WhiteElo "2561"]
[BlackElo "2462"]
[EventDate "2000.01.18"]

1. e4 c5 2. Nf3 d6 3. d4 cxd4 4. Nxd4 Nf6 5. Nc3 a6 6. Bc4 e6 7. O-O b5 8.
Bb3 Be7 9. Qf3 Qb6 10. Bg5 O-O 11. Rad1 b4 12. Na4 Qb7 13. Rfe1 Nbd7 14.
Qg3 Re8 15. f3 Kh8 16. Kh1 h6 17. Bc1 Nf8 18. c3 a5 19. Bc2 e5 20. Nf5 Bxf5
21. exf5 N8d7 22. Bb3 Rf8 23. f4 Rac8 24. fxe5 dxe5 25. Qh3 Rc7 26. Be3 Nc5
27. Nxc5 Bxc5 28. Bxh6 gxh6 29. Qxh6+ Nh7 30. f6 Rg8 31. Bd5 Bf8 32. Qh5
Qc8 33. Be4 Rg6 34. Bxg6 fxg6 35. Qxg6 Qe6 36. cxb4 axb4 37. Rd8 Rf7 38. h3
Rxf6 39. Qe4 Ng5 40. Qxe5 Qxe5 41. Rxe5 Nf7 42. Rxf8+ 1-0

[Event "Corus B"]
[Site "Wijk aan Zee NED"]
[Date "2000.01.25"]
[Round "7"]
[White "Van der Wiel,J"]
[Black "Nisipeanu,LD"]
[Result "1/2-1/2"]
[WhiteElo "2558"]
[BlackElo "2611"]
[EventDate "2000.01.18"]

1. e4 c5 2. Nf3 d6 3. d4 cxd4 4. Nxd4 Nf6 5. Nc3 Nc6 6. Bg5 Bd7 7. Be2 a6
8. Bxf6 gxf6 9. O-O e6 10. Kh1 Be7 11. f4 O-O 12. f5 Qb6 13. Nb3 Ne5 14.
Bg4 Kh8 15. Bh3 Rac8 16. Ne2 Qc6 17. Nbd4 Qxe4 18. Rf4 Qe3 19. fxe6 1/2-1/2

[Event "Corus B"]
[Site "Wijk aan Zee NED"]
[Date "2000.01.25"]
[Round "7"]
[White "Nijboer,F"]
[Black "Reinderman,D"]
[Result "1-0"]
[WhiteElo "2540"]
[BlackElo "2561"]
[EventDate "2000.01.18"]

1. e4 c5 2. Nf3 Nc6 3. d4 cxd4 4. Nxd4 Nf6 5. Nc3 e5 6. Ndb5 d6 7. Bg5 a6
8. Na3 b5 9. Bxf6 gxf6 10. Nd5 f5 11. Bd3 Be6 12. Qh5 Rg8 13. c3 Rxg2 14.
Qf3 Rg4 15. exf5 Bxd5 16. Qxd5 Ne7 17. Qb7 Bh6 18. f6 Ng8 19. Qc6+ Kf8 20.
Rd1 Rf4 21. Bxh7 Rxf6 22. Bxg8 Kxg8 23. Rg1+ Kf8 24. Rg3 Qc8 25. Qxc8+ Rxc8
26. Nc2 Rc4 27. Nb4 Rh4 28. Nd5 Rf5 29. Rg8+ Kxg8 30. Ne7+ Kh7 31. Nxf5
Rxh2 32. Rxd6 Bc1 33. b3 Rh3 34. Rxa6 Rxc3 35. Nd6 Bb2 36. Nxf7 Rc2 37.
Ng5+ Kg7 38. Ne4 b4 39. Kd1 Rc1+ 40. Ke2 Ba3 41. Rd6 Bb2 42. Kf3 Bd4 43.
Kg4 Kf7 44. Kf5 Ke7 45. Rd5 Rf1 46. Rb5 Bxf2 47. Rb7+ Kd8 48. Ke6 Bh4 49.
Rh7 Rf4 50. Nd6 Rf6+ 51. Kxe5 Bg3+ 52. Kxf6 Be5+ 53. Ke6 1-0

[Event "Corus B"]
[Site "Wijk aan Zee NED"]
[Date "2000.01.25"]
[Round "7"]
[White "Delemarre,J"]
[Black "Hendriks,W"]
[Result "1/2-1/2"]
[WhiteElo "2354"]
[BlackElo "2373"]
[EventDate "2000.01.18"]

1. d4 Nf6 2. c4 c5 3. d5 b5 4. cxb5 a6 5. b6 d6 6. Nc3 g6 7. Nf3 Bg7 8. e4
O-O 9. Be2 Nbd7 10. a4 a5 11. O-O Nxb6 12. h3 e6 13. dxe6 Bxe6 14. Bf4 d5
15. e5 Nfd7 16. Re1 h6 17. Rc1 Rb8 18. Bb5 Qe7 19. Bg3 Rfd8 20. Re2 Rbc8
21. Ba6 Rb8 22. Bb5 Rbc8 23. Ba6 Rb8 24. Bb5 Rbc8 25. Nb1 1/2-1/2

[Event "Corus B"]
[Site "Wijk aan Zee NED"]
[Date "2000.01.25"]
[Round "7"]
[White "Danailov,S"]
[Black "Berkvens,J"]
[Result "1-0"]
[WhiteElo "2462"]
[BlackElo "2297"]
[EventDate "2000.01.18"]

1. d4 f5 2. g3 d6 3. d5 c6 4. c4 e5 5. dxe6 Bxe6 6. Qc2 Nf6 7. Nh3 g6 8.
Bg2 Bg7 9. Ng5 Bg8 10. O-O h6 11. Nf3 Qe7 12. Nh4 Bh7 13. Nc3 Nbd7 14. b3
O-O 15. Bb2 Ng4 16. Rad1 Rad8 17. Ba3 Qf6 18. Na4 Nde5 19. Qd2 g5 20. Nf3
b5 21. cxb5 cxb5 22. Qd5+ Qf7 23. Qxb5 Qh5 24. h3 Nxf3+ 25. exf3 Ne5 26.
Qd5+ Kh8 27. Bxd6 f4 28. g4 Qe8 29. Rfe1 Bg8 30. Qa5 Rxd6 31. Rxd6 Qe7 32.
Rdd1 Re8 33. Nc5 Qf7 34. Qb5 Bh7 35. Nd7 Nxd7 36. Rxe8+ 1-0

[Event "Corus B"]
[Site "Wijk aan Zee NED"]
[Date "2000.01.27"]
[Round "8"]
[White "Hendriks,W"]
[Black "Van der Wiel,J"]
[Result "0-1"]
[WhiteElo "2373"]
[BlackElo "2558"]
[EventDate "2000.01.18"]

1. e4 g6 2. d4 Bg7 3. Nc3 c6 4. f4 d5 5. e5 Nh6 6. Nf3 Bg4 7. Be3 Nf5 8.
Bf2 Qb6 9. Rb1 Nd7 10. Be2 e6 11. O-O Bf8 12. h3 Bxf3 13. Bxf3 h5 14. Ne2
Be7 15. b3 Nh4 16. Bxh4 Bxh4 17. c4 Be7 18. Kh1 Kf8 19. Nc3 Qa5 20. Qc2 Kg7
21. c5 Qb4 22. Qd2 b6 23. a3 Qa5 24. b4 Qa6 25. Be2 Qb7 26. Bd3 Qc7 27. Ne2
a5 28. Qc2 axb4 29. axb4 bxc5 30. bxc5 Rhb8 31. Rxb8 Rxb8 32. f5 exf5 33.
Bxf5 Nxe5 34. dxe5 Qxe5 35. Bxg6 fxg6 36. Nf4 Qe4 37. Qc3+ d4 38. Qc4 Rb1
39. Rxb1 Qxb1+ 40. Kh2 Qf5 41. Ne6+ Kh6 42. Nxd4 Qf4+ 43. g3 Qf2+ 44. Kh1
Bg5 45. Qd3 h4 46. gxh4 Be3 47. Nf5+ gxf5 48. Qd6+ Kh5 49. Qd1+ Kxh4 50.
Qd8+ Kg3 51. Qd6+ Qf4 52. Qg6+ Kf2 0-1

[Event "Corus B"]
[Site "Wijk aan Zee NED"]
[Date "2000.01.27"]
[Round "8"]
[White "Berkvens,J"]
[Black "Nijboer,F"]
[Result "0-1"]
[WhiteElo "2297"]
[BlackElo "2540"]
[EventDate "2000.01.18"]

1. e4 d6 2. d4 g6 3. g3 Bg7 4. Bg2 Nf6 5. Nc3 O-O 6. Nge2 e5 7. h3 c6 8. a4
a5 9. O-O Na6 10. Be3 Nb4 11. f4 Nh5 12. Kh2 f5 13. exf5 Bxf5 14. Ne4 exf4
15. Nxf4 Bxe4 16. Bxe4 Qe7 17. Nxg6 hxg6 18. Bxg6 Nxg3 0-1

[Event "Corus B"]
[Site "Wijk aan Zee NED"]
[Date "2000.01.28"]
[Round "9"]
[White "Delemarre,J"]
[Black "Reinderman,D"]
[Result "1/2-1/2"]
[WhiteElo "2354"]
[BlackElo "2561"]
[EventDate "2000.01.18"]

1. d4 Nf6 2. c4 c5 3. d5 e6 4. Nc3 exd5 5. cxd5 d6 6. Nf3 g6 7. Nd2 Bg7 8.
Nc4 O-O 9. g3 Qe7 10. Bg2 Nbd7 11. Bf4 Ne8 12. Qd2 b6 13. a4 Ba6 14. Nb5
Ne5 15. Qe3 Bxb5 16. axb5 Rd8 17. O-O Rd7 18. Bxe5 Bxe5 19. Kh1 Qd8 20. Ra3
Re7 21. Qb3 Bg7 22. e3 f5 23. Qa2 Rff7 24. Rb1 Rc7 25. h3 h5 26. Ra4 h4 27.
gxh4 f4 28. Nd2 Qxh4 29. Rf1 Be5 30. Nf3 Qh5 31. exf4 Bxf4 32. Re1 Ng7 33.
Rae4 g5 34. Qc4 Qh6 35. Kg1 Qf6 36. b3 Rc8 37. Qd3 Rcf8 38. R1e2 Qg6 39.
Ne1 Nf5 40. Re6 Qg7 41. Bf3 Qh7 42. Be4 Kg7 43. Ra2 Kh8 44. Ng2 Qh5 45.
Bxf5 Rxf5 46. Rxa7 Be5 47. Ree7 Kg8 48. Rh7 Qf3 49. Qxf3 Rxf3 50. Ne3 Ra8
51. Kg2 Rxa7 52. Rxa7 Rf4 53. Ra4 Bd4 54. Ng4 Kg7 55. Ra7+ Kg6 56. Rd7 Kf5
57. f3 Be5 58. Rf7+ Kg6 59. Rxf4 Bxf4 60. Kf2 Kf5 61. Ke2 Bc1 62. Nf2 Bf4
63. Nd3 Bg3 64. Ke3 Be5 65. Kf2 Bd4+ 66. Kg3 Bf6 67. Kf2 Bd4+ 68. Ke2 Bg7
69. Ke3 1/2-1/2

[Event "Corus B"]
[Site "Wijk aan Zee NED"]
[Date "2000.01.29"]
[Round "10"]
[White "Berkvens,J"]
[Black "Delemarre,J"]
[Result "1-0"]
[WhiteElo "2297"]
[BlackElo "2354"]
[EventDate "2000.01.18"]

1. e4 d6 2. d4 Nf6 3. Nc3 g6 4. f4 Bg7 5. Nf3 O-O 6. Bd3 Na6 7. O-O c5 8.
d5 Bg4 9. Bc4 Nc7 10. h3 Bxf3 11. Qxf3 Nd7 12. Be3 b5 13. Nxb5 Bxb2 14.
Rab1 Bg7 15. Bd2 Nb6 16. Qd3 Nxb5 17. Bxb5 e6 18. Bc6 Rb8 19. c4 Qf6 20.
Be3 Rfc8 21. Kh1 Qe7 22. Bg1 Kh8 23. Bh2 exd5 24. cxd5 Nd7 25. Qa6 Nf6 26.
e5 Ne4 27. Rbe1 Nd2 28. Rf2 Nb1 29. Qd3 c4 30. Qxc4 Qh4 31. Rfe2 dxe5 32.
Qc2 Na3 33. Qd3 Bf8 34. fxe5 Rb2 35. Bg3 Qb4 36. Rxb2 Qxb2 37. e6 1-0

[Event "Corus B"]
[Site "Wijk aan Zee NED"]
[Date "2000.01.30"]
[Round "11"]
[White "Tiviakov,S"]
[Black "Danailov,S"]
[Result "1/2-1/2"]
[WhiteElo "2567"]
[BlackElo "2462"]
[EventDate "2000.01.18"]

1. e4 c5 2. Nf3 d6 3. d4 cxd4 4. Nxd4 Nf6 5. Nc3 a6 6. Be3 e6 7. Qd2 b5 8.
f3 Nbd7 9. g4 h6 10. O-O-O Bb7 11. h4 b4 12. Na4 Qa5 13. b3 Nc5 14. a3 Nxa4
15. axb4 Qc7 16. bxa4 d5 17. e5 Nd7 18. f4 Nb6 19. f5 Nc4 20. Bxc4 Qxc4 21.
fxe6 Bxb4 22. exf7+ Kxf7 23. Qd3 Qa2 24. Rdf1+ Kg8 25. Kd1 a5 26. Qf5 Qa1+
27. Ke2 Ba6+ 28. Nb5 Qxa4 29. Qe6+ Kh7 30. Qf5+ Kg8 31. Qe6+ 1/2-1/2

[Event "Corus B"]
[Site "Wijk aan Zee NED"]
[Date "2000.01.30"]
[Round "11"]
[White "Nisipeanu,LD"]
[Black "Reinderman,D"]
[Result "0-1"]
[WhiteElo "2611"]
[BlackElo "2561"]
[EventDate "2000.01.18"]

1. e4 c5 2. Nf3 Nc6 3. d4 cxd4 4. Nxd4 Nf6 5. Nc3 e5 6. Ndb5 d6 7. Bg5 a6
8. Na3 b5 9. Nd5 Qa5+ 10. Bd2 Qd8 11. Bg5 Qa5+ 12. Bd2 Qd8 13. Bd3 Nxd5 14.
exd5 Ne7 15. c4 g6 16. cxb5 Bg7 17. b6 Qxb6 18. Nc4 Qb8 19. Qa4+ Bd7 20.
Qa5 O-O 21. Bb4 Bb5 22. Bxd6 Qb7 23. Rd1 e4 24. Be2 Rfc8 25. Bxe7 Bxc4 26.
Bxc4 Rxc4 27. d6 e3 28. fxe3 Bf8 29. Bxf8 Qxg2 30. Qd5 Re4 31. Bh6 Rae8 32.
Qxe4 Qxe4 33. O-O f6 34. Bf4 g5 35. Bg3 Qxe3+ 36. Kg2 Qe4+ 37. Kg1 Kf7 38.
Rfe1 Qg4 39. Rxe8 Qxd1+ 40. Re1 Qd4+ 41. Kf1 Qd3+ 42. Kg1 f5 43. Re7+ Kg6
44. Be5 f4 45. d7 Qe3+ 46. Kf1 f3 47. Re6+ Kf5 0-1

[Event "Corus B"]
[Site "Wijk aan Zee NED"]
[Date "2000.01.30"]
[Round "11"]
[White "Hendriks,W"]
[Black "Ashley,M"]
[Result "0-1"]
[WhiteElo "2373"]
[BlackElo "2499"]
[EventDate "2000.01.18"]

1. e4 c5 2. Nf3 d6 3. d4 cxd4 4. Nxd4 Nf6 5. Nc3 a6 6. Bc4 e6 7. Bb3 Nc6 8.
O-O Be7 9. Be3 O-O 10. f4 Nxd4 11. Bxd4 b5 12. e5 dxe5 13. fxe5 Nd7 14. Ne4
Bb7 15. Nd6 Bxd6 16. exd6 Qg5 17. Qe2 Kh8 18. Rad1 Qg6 19. Bc3 f5 20. Rf2
Rae8 21. a4 f4 22. Qd3 Rf5 23. axb5 axb5 24. Rdd2 Bc6 25. Bb4 f3 26. Qc3
Rc8 27. Qe3 Re5 28. Rxf3 Rxe3 29. Rxe3 Ra8 30. h3 Ra1+ 31. Kh2 Qg5 0-1

[Event "Corus B"]
[Site "Wijk aan Zee NED"]
[Date "2000.01.30"]
[Round "11"]
[White "Delemarre,J"]
[Black "Avrukh,B"]
[Result "0-1"]
[WhiteElo "2354"]
[BlackElo "2620"]
[EventDate "2000.01.18"]

1. d4 g6 2. c4 Nf6 3. Nc3 Bg7 4. e4 d6 5. h3 O-O 6. Bg5 c5 7. d5 e6 8. Bd3
exd5 9. cxd5 Re8 10. Nf3 c4 11. Bc2 b5 12. a3 Na6 13. O-O Nc5 14. Re1 h6
15. Bf4 Bb7 16. Qd2 g5 17. Bxd6 Nfxe4 18. Rxe4 Nxe4 19. Nxe4 Rxe4 20. Bxe4
Qxd6 21. Rd1 Re8 22. Bb1 Rd8 23. Be4 Bf6 24. Qa5 a6 25. Nd4 Qf4 26. Bf3 Rd7
27. Qb6 Be5 28. Nc6 Bxc6 29. Qxc6 Rd6 30. Qc8+ Kg7 31. Re1 Bxb2 32. Re8 Be5
33. Bd1 Rxd5 34. Rg8+ Kf6 35. Rd8 Qh2+ 36. Kf1 0-1